| 000 -LEADER | |
|---|---|
| fixed length control field | 00388nam a22001577a 4500 |
| 005 - DATE AND TIME OF LATEST TRANSACTION | |
| control field | 20160903170508.0 |
| 008 - FIXED-LENGTH DATA ELEMENTS--GENERAL INFORMATION | |
| fixed length control field | 160903b xxu||||| |||| 00| 0 eng d |
| 020 ## - INTERNATIONAL STANDARD BOOK NUMBER | |
| ISBN | 978-81-224-1521-6 |
| 041 ## - LANGUAGE CODE | |
| Language code of text/sound track or separate title | eng |
| 100 ## - MAIN ENTRY--AUTHOR NAME | |
| Personal name | CHATTERJEE,KAULIR KISHORE |
| 245 ## - TITLE STATEMENT | |
| Title | AN INTRODUCTION TO MINERAL ECONOMICS |
| 260 ## - PUBLICATION, DISTRIBUTION, ETC. (IMPRINT) | |
| Name of publisher | NEW AGE |
| Year of publication | 2015 |
| 300 ## - PHYSICAL DESCRIPTION | |
| Number of Pages | 362 |
| 650 ## - SUBJECT ADDED ENTRY--TOPICAL TERM | |
| Topical Term | MINING |
| 942 ## - ADDED ENTRY ELEMENTS (KOHA) | |
| Koha item type | Books |
| Lost status | Damaged status | Home library | Current library | Shelving location | Date acquired | Source of acquisition | Cost, normal purchase price | Accession Number | Copy number | Koha item type | Collection code |
|---|---|---|---|---|---|---|---|---|---|---|---|
| JRU Library | SHELF-7-C | 03/09/2016 | PURCHASE | 499.00 | 20997 | 5 | Books | ||||
| JRU Library | JRU Library | SHELF-94-D | 03/09/2016 | PURCHASE | 499.00 | 20998 | 5 | Books | MINING | ||
| JRU Library | JRU Library | SHELF-94-D | 03/09/2016 | PURCHASE | 499.00 | 20999 | 5 | Books | MINING | ||
| JRU Library | JRU Library | SHELF-94-D | 03/09/2016 | PURCHASE | 499.00 | 21000 | 5 | Books | MINING | ||
| JRU Library | JRU Library | SHELF-94-D | 03/09/2016 | PURCHASE | 499.00 | 21001 | 5 | Books | MINING | ||
| JRU Library | SHELF-7-C | 30/03/2019 | Purchase | 499.00 | 23080 | Books | Reference | ||||
| JRU Library | SHELF-94-D | 30/03/2019 | Purchase | 499.00 | 23081 | Books |